00595nam a2200157Ia 4500008004100000100002100041245013500062245002100197260005900218260000900277650001800286650001500304856002600319999001900345952007300364170221s9999 xx 000 0 und d aSam Chege Mwangi 2aA Lesson Before Dying: Embracing Innovations for Community Engagement as a Survival Strategy for Media in Crisis Sam Chege Mwangi  cSam Chege Mwangi bOnline Journal of Communication and Media Technologies c2015 xCommunication xMedia Arts uhttp://www.ojcmt.net/ c309238d309238 001040aCLbCLd2017-02-21l0r2017-02-21 00:00:00w2017-02-21yFOJ